Runaway Models : (Record no. 6451)

MARC details
000 -LEADER
fixed length control field 00664nam a22002057a 4500
003 - CONTROL NUMBER IDENTIFIER
control field OSt
005 - DATE AND TIME OF LATEST TRANSACTION
control field 20251127111710.0
008 - FIXED-LENGTH DATA ELEMENTS--GENERAL INFORMATION
fixed length control field 251127b |||||||| |||| 00| 0 eng d
020 ## - INTERNATIONAL STANDARD BOOK NUMBER
International Standard Book Number 621-404-358-7
040 ## - CATALOGING SOURCE
Original cataloging agency DWCL - Main
Transcribing agency OC
082 ## - DEWEY DECIMAL CLASSIFICATION NUMBER
Classification number GR 791.092 K53r 2021
100 ## - MAIN ENTRY--PERSONAL NAME
Personal name King, Joey Mead
245 ## - TITLE STATEMENT
Title Runaway Models :
Remainder of title a memoir /
Statement of responsibility, etc. Joey Mead King and Lara Parpan
260 ## - PUBLICATION, DISTRIBUTION, ETC.
Place of publication, distribution, etc. Mandaluyong City, Philippines:
Name of publisher, distributor, etc. Summit Publishing Co., Inc.,
Date of publication, distribution, etc. c2021.
300 ## - PHYSICAL DESCRIPTION
Extent 118 pages;
Other physical details colored illustration;
Dimensions 20 cm.
650 ## - SUBJECT ADDED ENTRY--TOPICAL TERM
Topical term or geographic name entry element 1. Fashion models - television
650 ## - SUBJECT ADDED ENTRY--TOPICAL TERM
Topical term or geographic name entry element 2. Philippine fashion - a memoir
700 ## - ADDED ENTRY--PERSONAL NAME
Personal name I. Lara Parpan
942 ## - ADDED ENTRY ELEMENTS (KOHA)
Source of classification or shelving scheme Dewey Decimal Classification
Koha item type General Reference
Call number prefix GR
Suppress in OPAC No
952 ## - LOCATION AND ITEM INFORMATION (KOHA)
--
Holdings
Withdrawn status Lost status Source of classification or shelving scheme Damaged status Not for loan Home library Current library Shelving location Date acquired Source of acquisition Cost, normal purchase price Total Checkouts Full call number Barcode Date last seen Copy number Cost, replacement price Price effective from Koha item type Uniform Resource Identifier
    Dewey Decimal Classification     Junior High School Library Junior High School Library General Reference 03/09/2023 Library Fund 495.00   GR 791.092 K53r 2021 JHS - 21083 11/27/2025 c1 495.00 03/09/2023 GR